Anne-baba ve eğitimciler için dikkat eksikliği hiperaktivite bozukluğu (Record no. 9409)

000 -LEADER
fixed length control field 01055nmm a2200313 a 4500
001 - CONTROL NUMBER
control field ocm000882929
003 - CONTROL NUMBER IDENTIFIER
control field TR-IsHL
005 - DATE AND TIME OF LATEST TRANSACTION
control field 20201028144414.0
008 - FIXED-LENGTH DATA ELEMENTS--GENERAL INFORMATION
fixed length control field 141121s2014 tu tur
007 - PHYSICAL DESCRIPTION FIXED FIELD--GENERAL INFORMATION
fixed length control field cr cn
020 ## - INTERNATIONAL STANDARD BOOK NUMBER
International Standard Book Number 9786055765514
035 ## - SYSTEM CONTROL NUMBER
System control number 882929
-- (N$T)
050 04 - LIBRARY OF CONGRESS CALL NUMBER
Classification number RJ496.A86
Item number .E73 2014
090 04 - LOCALLY ASSIGNED LC-TYPE CALL NUMBER (OCLC); LOCAL CALL NUMBER (RLIN)
Classification number (OCLC) (R) ; Classification number, CALL (RLIN) (NR) RJ496.A86
Local cutter number (OCLC) ; Book number/undivided call number, CALL (RLIN) .E73 2014
100 1# - MAIN ENTRY--PERSONAL NAME
Personal name Ercan, Eyüp Sabri
245 10 - TITLE STATEMENT
Title Anne-baba ve eğitimciler için dikkat eksikliği hiperaktivite bozukluğu
Medium [electronic resource] /
Statement of responsibility, etc. Eyüp Sabri Ercan ; Cahide Aydın
250 ## - EDITION STATEMENT
Edition statement 5. bs.
260 ## - PUBLICATION, DISTRIBUTION, ETC.
Place of publication, distribution, etc. İstanbul :
Name of publisher, distributor, etc. Pupa Yayınları,
Date of publication, distribution, etc. 2014
300 ## - PHYSICAL DESCRIPTION
Extent 257 p.
650 #4 - SUBJECT ADDED ENTRY--TOPICAL TERM
Topical term or geographic name entry element Tıp
650 #4 - SUBJECT ADDED ENTRY--TOPICAL TERM
Topical term or geographic name entry element Medicine
650 #0 - SUBJECT ADDED ENTRY--TOPICAL TERM
Topical term or geographic name entry element Dikkat eksikliği hiperaktivite bozukluğu
650 #0 - SUBJECT ADDED ENTRY--TOPICAL TERM
Topical term or geographic name entry element Attention-deficit hyperactivity disorder
650 #0 - SUBJECT ADDED ENTRY--TOPICAL TERM
Topical term or geographic name entry element Hiperaktif çocuklar
650 #0 - SUBJECT ADDED ENTRY--TOPICAL TERM
Topical term or geographic name entry element Hyperactive children
650 #7 - SUBJECT ADDED ENTRY--TOPICAL TERM
Topical term or geographic name entry element PSYCHOLOGY / Developmental / Child
Source of heading or term bisacsh
700 1# - ADDED ENTRY--PERSONAL NAME
Personal name Aydın, Cahide
856 40 - ELECTRONIC LOCATION AND ACCESS
Uniform Resource Identifier <a href="http://search.ebscohost.com/login.aspx?direct=true&scope=site&db=e011xww&AN=882929">http://search.ebscohost.com/login.aspx?direct=true&scope=site&db=e011xww&AN=882929</a>
Holdings
Withdrawn status Lost status Source of classification or shelving scheme Damaged status Not for loan Collection code Permanent Location Current Location Date acquired Total Checkouts Full call number Barcode Date last seen Price effective from Koha item type
        Online   Kıbrıs Amerikan Üniversitesi Kütüphanesi / American University of Cyprus Kıbrıs Amerikan Üniversitesi Kütüphanesi / American University of Cyprus 28.10.2020   RJ496.A86 .E73 2014 882929 28.10.2020 28.10.2020 E-Kitap
Devinim Yazılım Eğitim Danışmanlık tarafından Koha'nın orjinal sürümü uyarlanarak geliştirilip kurulmuştur.